000 00774nam a2200205Ia 4500
003 OSt
005 20251215113616.0
008 220922b |||||||| |||| 00| 0 hin d
037 _cTB
040 _aARTS
_cARTS
_bhin
041 _2hin
_ahin
084 _aN44.J 152L3
_qAL
100 _aरामनाथ
_9856552
245 0 _aमध्यकालीन भारतीय कलाएं एवं उनका विकास
246 _aMadhyakālīn bhāratīya kalāean evan unakā vikāsa
260 _aजयपुर,भारत:
_b राजस्थान हिन्दी ग्रंथ अकादमी,
_c1973.
300 _a95 पृ. ] 96 fp=
_ccm.
942 _hN2.J, 152L3
_cTB
_2CC
_n0
999 _c308287
_d308287